| 000 | 00631nam a2200205Ia 4500 | ||
|---|---|---|---|
| 003 | GCL | ||
| 008 | 140319s9999 xx 000 0 ara d | ||
| 040 |
_aGCL / _cGCL |
||
| 082 | 0 | 4 |
_aط _b823.087 م _bد س |
| 100 | 1 | _aدار الشروق | |
| 245 | 1 | 0 |
_a"بطوط والدب ""ذواق البيتزا""" / _cدار الشروق |
| 260 |
_a[S.N] : _bدار الشروق |
||
| 490 |
_aسلسلة الكتاب الذهبى _v0 |
||
| 650 | 0 | 4 | _aالقصص العربية |
| 650 | 0 | 4 | _aقصص البطولات |
| 650 | 0 | 4 | _aالاطفال |
| 650 | 0 | 4 | _aقصص الاطفال |
| 650 | 0 | 4 | _aادب الاطفال |
| 942 |
_2ddc _cBK |
||
| 999 |
_c32883 _d32883 |
||